Tabliczka mnożenia do 100 - Statystyki

Ogólne statystyki
  • Ten quiz został rozwiązany 2 134 razy
  • Średni wynik to 65 z 100
Statystyki odpowiedzi
Działanie Odpowiedź % Poprawnych
1x1 1
100%
1x2 2
99%
1x3 3
99%
1x4 4
99%
1x5 5
99%
1x6 6
99%
1x7 7
99%
1x8 8
99%
1x9 9
99%
1x10 10
98%
2x1 2
97%
2x2 4
97%
2x3 6
97%
2x5 10
96%
2x6 12
96%
2x4 8
96%
2x7 14
95%
2x8 16
95%
2x9 18
95%
2x10 20
95%
3x1 3
94%
3x2 6
94%
3x3 9
94%
3x4 12
93%
3x5 15
92%
3x6 18
91%
3x7 21
91%
3x8 24
90%
3x9 27
89%
3x10 30
89%
4x1 4
88%
4x2 8
88%
4x3 12
87%
4x4 16
87%
4x5 20
86%
4x6 24
85%
4x7 28
84%
4x8 32
82%
4x10 40
82%
5x2 10
81%
4x9 36
81%
5x1 5
81%
5x3 15
80%
5x4 20
80%
5x5 25
80%
5x6 30
79%
5x7 35
78%
5x8 40
78%
5x9 45
77%
5x10 50
77%
6x1 6
76%
6x2 12
75%
6x3 18
74%
6x4 24
72%
6x5 30
71%
6x6 36
70%
6x7 42
68%
6x8 48
66%
6x9 54
63%
6x10 60
63%
7x1 7
62%
7x2 14
61%
7x3 21
59%
7x4 28
58%
7x5 35
56%
7x6 42
52%
7x7 49
50%
7x8 56
48%
7x9 63
45%
7x10 70
44%
8x1 8
43%
8x2 16
42%
8x3 24
40%
8x4 32
39%
8x5 40
38%
8x6 48
36%
8x7 56
34%
8x8 64
31%
8x9 72
29%
8x10 80
28%
9x1 9
28%
9x2 18
27%
9x3 27
26%
9x4 36
25%
9x5 45
24%
9x6 54
22%
9x7 63
21%
10x1 10
20%
9x8 72
20%
9x9 81
20%
10x2 20
19%
9x10 90
19%
10x3 30
18%
10x4 40
18%
10x5 50
18%
10x6 60
18%
10x10 100
17%
10x7 70
17%
10x8 80
17%
10x9 90
16%
Nie znaleziono quizów pasujących do podanych kryteriów
Rozkład punktacji
Procent ludzi z każdym wynikiem
Percentyl według liczby udzielonych odpowiedzi
Twoja historia wyników
Nie rozwiązałeś tego quizu